|
|
|
|
| LEADER |
00704naa a2200181 i 4500 |
| 001 |
acta61298 |
| 005 |
20260224081030.0 |
| 008 |
190912s2015 hu o 100 hun d |
| 040 |
|
|
|a SZTE Egyetemi Kiadványok Repozitórium
|b hun
|
| 041 |
|
|
|a hun
|
| 100 |
1 |
|
|a Hegedűs Szilvia
|
| 245 |
1 |
2 |
|a A szociális és érzelmi készségek fejlesztése online környezetben
|h [elektronikus dokumentum] /
|c Hegedűs Szilvia
|
| 260 |
|
|
|c 2015
|
| 300 |
|
|
|a 176
|
| 490 |
0 |
|
|a Pedagógiai Értékelési Konferencia
|v 13
|
| 695 |
|
|
|a Képességfejlesztés - előadáskivonat
|
| 710 |
|
|
|a Pedagógiai Értékelési Konferencia (13.) (2015) (Szeged)
|
| 856 |
4 |
0 |
|u http://acta.bibl.u-szeged.hu/61298/1/pek_2015_176.pdf
|z Dokumentum-elérés
|